000 00430nam a2200169Ia 4500
003 GCL
008 140319s9999 xx 000 0 eng d
040 _aGCL /
_cGCL
082 0 4 _a843
_bH D
100 1 _aHUGO, VICTOR
245 1 0 _aLE DERNIER JOUR D'UN CONDAMNE /
_cHUGO, VICTOR
260 _a[S.N] :
_bLE LIVRE DE POCHE ،
_c1989
300 _a284 P
650 0 4 _aLITERATURE
650 0 4 _aFRENCH LITERATURE
942 _2ddc
_cBK
999 _c22524
_d22524